00426pab a2200145 454500008004000000100001800040245004800058260000900106300001300115362001200128650003900140650002800179700001700207773005600224180718b2013 xxu||||| |||| 00| 0 eng d aSingh, Ranjit aIndia - Bhutan relations and new challenges c2013 ap.31-44. aJan-Jun aIndia - Foreign relations - Bhutan aInternational relations aSatish Kumar aJournal of Constitutional and Parliamentary Studies